Southville International School and Colleges
Your cart is empty.
  • Cart
  • Lists
    Public lists Eva Luna New books Lux_list list_1
    Your lists Log in to create your own lists
  • Log in to your account
  • Your cookies
  • Search history
Southville International School and Colleges
  • Advanced search
  • Recent comments
  • Most popular
  • Libraries

Log in to your account

Log in with GOOGLE


If you do not have an external account, but do have a local account, you can still log in:

  1. Home
  2. MARC view: The exam secret :
Normal view MARC view ISBD view

The exam secret : (Record no. 10482)

[ view plain ]
MARC details
000 -LEADER
fixed length control field 00551nam a22001817a 4500
003 - CONTROL NUMBER IDENTIFIER
control field SISC
005 - DATE AND TIME OF LATEST TRANSACTION
control field 20160321124813.0
008 - FIXED-LENGTH DATA ELEMENTS--GENERAL INFORMATION
fixed length control field 130906t xxu||||| |||| 00| 0 eng d
050 ## - LIBRARY OF CONGRESS CALL NUMBER
Classification number LC 63
Item number .J12 1960
082 ## - DEWEY DECIMAL CLASSIFICATION NUMBER
Classification number HS 371.2
Item number J13 1960
100 ## - MAIN ENTRY--PERSONAL NAME
Personal name Jackson, Dennis B.
9 (RLIN) 16791
245 ## - TITLE STATEMENT
Title The exam secret :
Remainder of title how to shine in examinations and life! /
Statement of responsibility, etc Dennis B. Jackson.
260 ## - PUBLICATION, DISTRIBUTION, ETC. (IMPRINT)
Place of publication, distribution, etc Hollywood, California :
Name of publisher, distributor, etc Wilshire Book Company,
Date of publication, distribution, etc c1960.
300 ## - PHYSICAL DESCRIPTION
Extent 124 p. :
Dimensions 21 cm.
650 ## - SUBJECT ADDED ENTRY--TOPICAL TERM
Topical term or geographic name as entry element Examination.
9 (RLIN) 1629
942 ## - ADDED ENTRY ELEMENTS (KOHA)
Source of classification or shelving scheme Library of Congress Classification
Koha item type Books
Holdings
Withdrawn status Lost status Source of classification or shelving scheme Damaged status Home library Current library Shelving location Date acquired Total Checkouts Full call number Barcode Date last seen Copy number Price effective from Koha item type
    Library of Congress Classification   Luxembourg Library Luxembourg Library High School Section 09/06/2013   LC 63 .J12 1960 9769 03/21/2016 1 09/06/2013 Books

The exam secret :

APA

Jackson D. B., . (1960). The exam secret. Hollywood, California: Wilshire Book Company.

Chicago

Jackson Dennis B, . 1960. The exam secret. Hollywood, California: Wilshire Book Company.

Harvard

Jackson D. B., . (1960). The exam secret. Hollywood, California: Wilshire Book Company.

MLA

Jackson Dennis B, . The exam secret. Hollywood, California: Wilshire Book Company. 1960.

  • Place hold
  • Print
  • Cite
  • Add to your cart (remove)
  • Save record
    BIBTEX Dublin Core MARCXML MARC (non-Unicode/MARC-8) MARC (Unicode/UTF-8) MARC (Unicode/UTF-8, Standard) MODS (XML) RIS
  • More searches
    Search for this title in:
    Other Libraries (WorldCat) Other Databases (Google Scholar) Online Stores (Bookfinder.com) Open Library (openlibrary.org)

Exporting to Dublin Core...

SOUTHVILLE LIBRARY

Southville International School and Colleges Library

1281 Tropical Ave. Cor. Luxembourg St., BF Homes International, Las Pinas City

Tel. No. 8256374 / 252358 Loc. 117/146

Powered by Koha